| 000 | 00489cam a2200169ua 4500 | ||
|---|---|---|---|
| 020 | _a0 8493 3870 | ||
| 041 |
_aeng _h |
||
| 082 |
_a028.71664 _bWOL/CR |
||
| 100 | _aWolff, Ivan A . | ||
| 245 |
_aCRC hand book of processing and utilization in agriculture vol-2 Part-2 Plant products / _cIvan A Wolff. _hTextual Documents |
||
| 260 |
_aBocaratton : _bCRC Press Inc. , _c2000. |
||
| 300 | _a735 ; . | ||
| 504 | _a | ||
| 942 | _cBK | ||
| 999 |
_c10327 _d10327 |
||